Ο κίνδυνος ερημοποίησης στη Χίο : [μεταπτυχιακή διατριβή]
Αποθηκεύτηκε σε:
| Κύριος συγγραφέας: | |
|---|---|
| Συγγραφή απο Οργανισμό/Αρχή: | |
| Άλλοι συγγραφείς: | |
| Μορφή: | Thesis Βιβλίο |
| Γλώσσα: | Greek |
| Δημοσίευση: |
2012
|
| Θέματα: | |
| Διαθέσιμο Online: | http://hdl.handle.net/11610/15251 |
| Ετικέτες: |
Προσθήκη ετικέτας
Δεν υπάρχουν, Καταχωρήστε ετικέτα πρώτοι!
|
MARC
| LEADER | 00000cam a2200000 i 4500 | ||
|---|---|---|---|
| 001 | 1/35706 | ||
| 008 | 130827s2012 gre d | ||
| 035 | |l 10115505 | ||
| 040 | |a GR-MY-UA |b gre |e aacr | ||
| 041 | 0 | |a gre | |
| 082 | 0 | |a 333.732 |2 (22) | |
| 100 | 1 | |a Παπαδόπουλος, Ιωάννης. | |
| 245 | 1 | 2 | |a Ο κίνδυνος ερημοποίησης στη Χίο : |b [μεταπτυχιακή διατριβή] / |c Παπαδόπουλος Ιωάννης ; υπεύθυνος καθηγητής: Νικόλαος Δαναλάτος |
| 260 | |c 2012 | ||
| 300 | |a 47 σ.; |b εικ., πίν.; |c 30 εκ. | ||
| 500 | |a Βιβλιογραφία: σ. 42-47 | ||
| 502 | |a Διατριβή (μεταπτυχιακή) – Πανεπιστήμιο Αιγαίου, Λέσβος, 2012. | ||
| 650 | 0 | 0 | |a Desertification |z Greece |z Chios Island. |
| 650 | 0 | 0 | |a Land degradation. |
| 650 | 0 | 0 | |a Soil degradation |z Greece |z Chios Island. |
| 650 | 0 | 0 | |a Environmental degradation |z Greece |z Chios Island. |
| 650 | 0 | 0 | |a Dissertations, Academic |z Greece. |
| 700 | 1 | |a Δαναλάτος, Νίκος. |4 ths | |
| 710 | 2 | |a Πανεπιστήμιο Αιγαίου |b Σχολή Περιβάλλοντος |b Τμήμα Περιβάλλοντος |b Πρόγραμμα Μεταπτυχιακών Σπουδών Γεωργία και Περιβάλλον. | |
| 852 | |a INST |b LESVOS |c DIATR |e 20130827 |h 457 |p 005100052926 |q 005100052926 |t MTXE |y 23 | ||
| 852 | |a INST |b LESVOS |c DIATR |e 20130827 |h 458 |p 005100052927 |q 005100052927 |t MTXE |y 23 | ||
| 856 | |u http://hdl.handle.net/11610/15251 | ||
| 901 | |a BIBL1-2013-2 | ||
| 909 | |a Λ |b 182125 | ||
| 909 | |a Λ |b 182126 | ||
| 924 | |a ΠΑΠΑΔΟΠΟΥΛΟΣ |b ΙΩΑΝΝΗΣ |y ΛΕΣΒΟΣ |z 2013-01 | ||
| 970 | |a ΤΖΑΦΕΡΗ |b ΕΥΑΓΓΕΛΙΑ |z 2013/09/04 | ||